Rappeurs français les plus populaires en 2025 - Statistiques

Statistiques générales
  • Ce quiz a été pris 4 516 fois
  • Le résultat moyen est 9 sur 15
Statistiques - réponses
Classsement Rappeur % Correct
2 Jul
91%
3 Ninho
87%
1 Gims
79%
10 Booba
72%
15 PLK
65%
6 SDM
65%
9 PNL
63%
4 Werenoi
63%
13 Niska
62%
5 Damso
57%
7 Tiakola
54%
8 Gazo
50%
11 Hamza
41%
12 Maes
31%
14 Bouss
13%
Aucun quiz correspondant
Distribution des résultats
% des personnes avec chaque résultat
Percentile par nombre de réponses
Votre historique - résultats
Vous n’avez pas pris ce quiz